000 00534nam a22001817a 4500
003 UA-OsUOA
001 18726
007 ta
008 20040607b un ||||| |||| 00| 0 ukr d
100 _aХмельовський Ю.
942 _cSA
040 _aUA-OsUOA
_cUA-OsUOA
_dUA-OsUOA
245 _aАзалія понтійська у житті поліщуків
300 _aС.3
955 _a0
773 0 _w0
_tРокитнівщина
_dРокитне
_d2004
_g№37/12 трав./
650 7 _aАзалія понтійська
_2UDC
999 _c304897
_d304897